Dans quoi ces pays sont-ils les meilleurs ? - #3 - Statistiques

Statistiques générales
  • Ce quiz a été pris 158 fois
  • Le résultat moyen est 3 sur 12
Statistiques - réponses
Réponse Hint % Correct
{Altitude} {maximale} Chine
72%
{Population} {hindouiste} Inde
49%
{Production} {de} {vin} Italie
46%
{Pays} {frontaliers} Chine
38%
{Fuseaux} {horaires} France*
30%
{Longueur} {du} {littoral} Canada
24%
{Température} {moyenne} Burkina Faso
17%
{Volcans} {actifs} Indonésie
16%
{Véhicules} {pour} {1000} {habitants} Saint-Marin
11%
{Joueurs} {de} {NBA} États-Unis
10%
{Réseau} {diplomatique} Chine
3%
{Proportions} {du} {drapeau} Qatar
2%
Aucun quiz correspondant
Distribution des résultats
% des personnes avec chaque résultat
Percentile par nombre de réponses
Votre historique - résultats
Vous n’avez pas pris ce quiz